Organic Chemistry Functional Groups Picture Quiz - Statistics

General Stats
  • This quiz has been taken 1,039 times
  • The average score is 10 of 28
Answer Stats
Picture Answer % Correct
Alkene
86%
Alkyne
79%
Ketone
71%
Carboxylic acid
70%
Aldehyde
68%
Alcohol
66%
Ether
65%
Ester
62%
Primary amine
61%
Amide
53%
Phenyl
50%
Nitrile
49%
Thiol
35%
Benzyl
34%
Acyl chloride
25%
Hydroperoxide
21%
Thioketone
21%
Primary ketimine
18%
Acid anhydride
17%
Disulfide
17%
Peroxy acid
12%
Isonitrile
11%
Cyanate
10%
Thiocyanate
10%
Benzoyl
9%
Sulfone
9%
Sulfoxide
9%
Perester
8%
No matching quizzes found
Score Distribution
Percent of People with Each Score
Percentile by Number Answered
Your Score History
You have not taken this quiz